Every Movie Directed by Andrzej Wajda - Statistics

General Stats
  • This quiz has been taken 3 times
  • The average score is 25 of 57
Answer Stats
Year Film % Correct
2016 Afterimage
100%
1958 Ashes and Diamonds
100%
1981 Man of Iron
100%
1977 Man of Marble
100%
1999 Sir Thaddeus, or the Last Lithuanian Foray
100%
1965 The Ashes
100%
1975 The Promised Land
100%
2002 The Revenge
100%
2013 Wałęsa: Man of Hope
100%
1955 A Generation
67%
1957 Kanał
67%
2007 Katyń
67%
1990 Korczak
67%
1970 The Birch Wood
67%
1980 The Conductor
67%
1979 The Maids of Wilko
67%
1992 The Ring with a Crowned Eagle
67%
1978 Without Anesthesia
67%
1983 A Love in Germany
33%
2017 Andrzej Wajda: My Inspirations
33%
1999 Bigda is Coming!
33%
2002 Broken Silence
33%
1992 Crime and Punishment
33%
1983 Danton
33%
2013 Demons Years Later
33%
1995 Holy Week
33%
1969 Hunting Flies
33%
1960 Innocent Sorcerers
33%
1959 Lotna
33%
1962 Love at Twenty
33%
2010 Macbeth
33%
1969 Macbeth
33%
1996 Miss Nobody
33%
1994 Nastazja
33%
1972 Pilate and Others
33%
1961 Samson
33%
1961 Siberian Lady Macbeth
33%
2005 Solidarność, Solidarność…
33%
2009 Sweet Rush
33%
1951 The Bad Boy
33%
2002 The Condemnation of Franciszek Klos
33%
1988 The French as Seen by…
33%
2002 The Lessons of Polish Cinema
33%
1988 The Possessed
33%
1976 The Shadow-Line
33%
1973 The Wedding
33%
2016 Wróblewski According to Wajda
33%
1986 Chronicle of Amorous Accidents
0%
1969 Everything for Sale
0%
1968 Gates to Paradise
0%
1955 I Walk in the Sun
0%
1970 Landscape After Battle
0%
1988 Proust Against Decline
0%
1968 Roly Poly
0%
1977 The Dead Class
0%
1951 The Pottery at Ilza
0%
1953 While You Are Asleep
0%
No matching quizzes found
Score Distribution
Percent of People with Each Score
Percentile by Number Answered
Your Score History
You have not taken this quiz